| 000 | 00554nam a2200193 i 4500 | ||
|---|---|---|---|
| 001 | bg | ||
| 100 | 1 | _aDUBAS, Pierre | |
| 245 | 0 |
_aStahlhochbau : _bGrundlagen, Konstruktionsarten und Konstruktionselemente von Hallen- und Skelettbauten / _cP. Dubas, E. Gehri. |
|
| 260 |
_aBerlin : _bSpringer, _c1988. |
||
| 650 | 9 | _aKonstrukcje budowlane | |
| 700 | 1 | _aGEHRI, Ernst | |
| 020 | _a3540193480 | ||
| 040 | _cBPK | ||
| 041 | _apol | ||
| 080 | _a624.01/.07:624.9 | ||
| 920 | _a3-540-19348-0 | ||
| 942 | _cKS | ||
| 008 | s pl f |000 0 pol | ||
| 999 |
_c29126 _d29126 |
||
| 856 |
_uhttp://koha.tu.koszalin.pl/cgi-bin/koha/opac-detail.pl?biblionumber=29126 _yKatalog online BPK |
||